Hoorig, hoorig isch die Katz (Record no. 10251)

MARC details
000 -CABECERA
campo de control de longitud fija 00701nam a2200229 a 4500
001 - NÚMERO DE CONTROL
campo de control BRL_1441
005 - FECHA Y HORA DE LA ÚLTIMA TRANSACCIÓN
campo de control 20190320211216.0
008 - DATOS DE LONGITUD FIJA--INFORMACIÓN GENERAL
campo de control de longitud fija 150114s1978----gw-aob####---#001-0#ger-#
020 ## - NÚMERO INTERNACIONAL ESTÁNDAR DEL LIBRO
Número Internacional Estándar del Libro 3806202109
041 ## - CÓDIGO DE LENGUA
Código de lengua del texto/banda sonora o título independiente ger
044 ## - CÓDIGO DEL PAÍS DE LA ENTIDAD EDITORA/PRODUCTORA
Código MARC del país gw
050 #4 - SIGNATURA TOPOGRÁFICA DE LA BIBLIOTECA DEL CONGRESO
Número de clasificación GT4250.A3
Número de documento/Ítem .W56 1978
100 1# - ENTRADA PRINCIPAL--NOMBRE DE PERSONA
Nombre de persona Wintermantel, Heinz
9 (RLIN) 26925
245 10 - MENCIÓN DE TÍTULO
Título Hoorig, hoorig isch die Katz
Resto del título masken und narren der schwäbisch-alemannischen fasnacht
Mención de responsabilidad, etc. Heinz Wintermantel.
260 ## - PUBLICACIÓN, DISTRIBUCIÓN, ETC.
Lugar de publicación, distribución, etc. Stuttgart
Nombre del editor, distribuidor, etc. Konrad Theiss
Fecha de publicación, distribución, etc. 1978
300 ## - DESCRIPCIÓN FÍSICA
Extensión 288 p.
Otras características físicas il., mapas, fotografías
Dimensiones 24 cm.
500 ## - NOTA GENERAL
Nota general Au1802
650 14 - PUNTO DE ACCESO ADICIONAL DE MATERIA--TÉRMINO DE MATERIA
Término de materia o nombre geográfico como elemento de entrada Carnaval
Subdivisión geográfica Suabia (Alemania)
9 (RLIN) 26926
650 14 - PUNTO DE ACCESO ADICIONAL DE MATERIA--TÉRMINO DE MATERIA
Término de materia o nombre geográfico como elemento de entrada Máscaras
Subdivisión geográfica Suabia (Alemania)
9 (RLIN) 26927
902 ## - CATALOGADOR
Iniciales GRL
942 ## - ELEMENTOS DE PUNTO DE ACCESO ADICIONAL (KOHA)
Fuente del sistema de clasificación o colocación Library of Congress Classification
Tipo de ítem Koha Libros
Holdings
Estado de retiro Estado de pérdida Estado dañado No para préstamo Localización permanente Ubicación/localización actual Fecha de adquisición Número de inventario Total de préstamos Signatura topográfica completa Código de barras Fecha visto por última vez Precio válido a partir de Tipo de ítem Koha
El ejemplar forma parte de la colección y puede ser consultado según las políticas vigentes.       Biblioteca Centro de Estudios Ruth D. Lechuga Biblioteca Centro de Estudios Ruth D. Lechuga 15/01/2014 Au1802   GT4250.A3 .W56 1978 (Au1802) GRL01601 22/03/2019 22/03/2019 Libros